| 000 | 00885cam a22002777a 4500 | ||
|---|---|---|---|
| 999 |
_c233570 _d233570 |
||
| 001 | 14855778 | ||
| 003 | Nust | ||
| 005 | 20170309100615.0 | ||
| 008 | 070428s2007 ii 000 1 eng | ||
| 010 | _a 2007393399 | ||
| 020 | _a9780143100522 | ||
| 020 | _a0143100521 | ||
| 025 | _aI-E-2007-393399; 27 | ||
| 035 | _a(IN-NdUBS)UBS07001014 | ||
| 037 |
_bLibrary of Congress -- New Delhi Overseas Office _cRs295.00 |
||
| 040 |
_aDLC _cDLC |
||
| 042 | _alcode | ||
| 050 | 0 | 0 |
_aMLCS 2006/01299 (P) _aPR6063.C328 |
| 082 |
_a823.914 _bMCC |
||
| 100 | 1 |
_aMcCallum, Dawood Ali, _d1954- |
|
| 245 | 1 | 0 |
_aTaz / _cDawood Ali McCallum. |
| 260 |
_aNew Delhi : _bPenguin Books India ; _aNew York [N.Y.] : _bPenguin Group (USA), _c2007. |
||
| 300 |
_a311 p. ; _c21 cm. |
||
| 500 | _aNovel. | ||
| 906 |
_a7 _bibc _corigode _d4 _encip _f20 _gy-gencatlg |
||
| 942 |
_2ddc _cBK |
||